000 00354nam a2200157Ia 4500
001 R-1639
003 CODICE-MESSINA
005 20260212102510.0
008 260211s9999 xx 000 0 und d
040 _cimportazione_messina
100 _aLen Deighton
245 0 _aL'ultima Partita
245 0 _bRomanzo
260 _bRizzoli
942 _2ddc
_cBK
999 _c28146
_d28146